Writers by Statue Quiz Stats

 Plays Quiz Updated Jul 14, 2016

Also try: Musician by Statue
Challenge
Share
Tweet
Score 0/20 Timer 06:00
1 Play Today
% Correct
Mark Twain
93.3%
William Shakespeare
93%
The Brontë Sisters
81.4%
Ernest Hemingway
74.9%
Edgar Allan Poe
71.6%
Oscar Wilde
67.2%
Miguel de Cervantes
64.8%
James Joyce
60%
John Steinbeck
52%
C.S. Lewis
49.8%
% Correct
Fyodor Dostoyevsky
46.7%
Victor Hugo
45.2%
Franz Kafka
40.5%
Dante Alighieri
36.3%
Nathaniel Hawthorne
35.1%
Charles Dickens
33%
Walt Whitman
26%
F. Scott Fitzgerald
25.4%
Hans Christian Andersen
16.1%
Washington Irving
4.5%

You're not logged in!

Compare scores with friends on all Sporcle quizzes.
Join for Free
OR
Log In

You Might Also Like...

Show Comments

Extras

Top Quizzes Today


Score Distribution

Your Account Isn't Verified!

In order to create a playlist on Sporcle, you need to verify the email address you used during registration. Go to your Sporcle Settings to finish the process.

Report this User

Report this user for behavior that violates our Community Guidelines.

Details: